Stray kids Funfact Quiz - Statistics

General Stats
  • This quiz has been taken 272 times
  • The average score is 10 of 15
Answer Stats
Hint Answer % Correct
Which member has 8 Ear piercings in total (2025)? Lee Know
86%
Which member is the shortest? Seo Changbin
86%
Which member is the Ambassador for Fendi? Bang Chan
81%
Which member Lives in a dorm with Bang Chan (2025)? Yang Jeongin
81%
Which member aside from Han plays the guitar? Kim Seungmin
79%
Which member performed Felix’s solo song „Unfair“ Live when they switched solos? Hwang Hyunjin
68%
Which member‘s Favorite Food is Cheesecake? Han jisung
67%
Which member's solo song is called "Ultra"? Seo Changbin
65%
Which member has a mole on his nose? Lee Know
62%
Which member is a big Genshin impact fan? Bang Chan
61%
Which member is known for his interest in art? Hwang Hyunjin
61%
Which member is the third youngest? Lee Felix
57%
Which member cried in the first "2 kids room" episode of 2025? Kim Seungmin
53%
Which member was missing in the Skz Code episode „know know Camping“? Lee Felix
46%
Which member has an old public instagram account still online? Han Jisung
43%
No matching quizzes found
Score Distribution
Percent of People with Each Score
Percentile by Number Answered
Your Score History
You have not taken this quiz